LEADER 00956nam a2200217 i 4500 001 000000194393 003 CaOOAMICUS 005 20101112000000.0 008 101112s1986 it u000 u ita u 013 $a173044 040 $aSeMil$bita 100 1 $aCrippa, Giampiero.$0(OLS)http://semarc/name/70631 245 10$a[Comunità e formazione integrale nel progetto educativo della Scuola Cattolica /$cSintesi del Convegno di Pallanza 1986 a cura di don Giampiero Crippa]. 260 $aMilano :$b[s.n.],$c1986. 300 $a23 p. ;$c21 cm. 650 4$aScuola cattolica - Educazione.$0(OLS)http://semarc/subject/17731 850 $aSeMil 852 $aSeMil$W1$xVenegono$y1$m5A XII 4/7$j144967$B144967$CSeMilBibl$Z2$F156392 $81 961 $aOmaggio: Altro 996 $6245$a[Comunità e formazione integrale nel progetto educativo della Scuola Cattolica$9(OLS)http://semarc/title/280289 996 $6260$aMilano :$b[s.n.]$9(OLS)http://semarc/publisher/29709 LEADER 01300nam a2200277 i 4500 001 000000195086 003 CaOOAMICUS 005 20200525102955.0 008 101201s1984 it u000 u fre u 013 $a173747 020 $a2-24961016-9 040 $aSeMil$bita 100 1 $aBacchiocchi, Samuele.$0(OLS)http://semarc/name/59109 245 10$aDu Sabbat au Dimanche :$bune recherche historique sur les origines du Dimanche chrétien /$cSamuele Bacchiocchi ; Traduction de Dominique Sébire. 260 $aParis :$bLethielleux,$ccopyr. 1984. 300 $a304 p. ;$c22 cm. 500 $aContiene : Appendice ; Bibliographie. 650 4$aDomenica - Concezione cristiana.$0(OLS)http://semarc/subject/16240 700 1 $aSébire, Dominique.$0(OLS)http://semarc/name/70802 830 0$aBible et vie chrétienne. Nouvelle série.$0(OLS)http://semarc/title/429359 850 $aSeMil 852 $aSeMil$W1$xVenegono$y1$m3K II 389$j145655$B145655$CSeMilBibl$Z2$F157226 $81 996 $6020$a2-24961016-9$9(OLS)http://semarc/number/186704 996 $6245$aDu Sabbat au Dimanche :$bune recherche historique sur les origines du Dimanche chrétien$9(OLS)http://semarc/title/281356 996 $6260$aParis :$bLethielleux$9(OLS)http://semarc/publisher/30156